| 000 | 00744nam a2200121Ia 4500 | ||
|---|---|---|---|
| 008 | 171212s9999 xx 000 0 und d | ||
| 020 | _a9781607325710 | ||
| 245 |
_ceditor Armstrong-Fumero, Fernando;Gutierrez, Julio Hoil _aLegacies of Space and Intangible Heritage _bArchaeology, Ethnohistory, and the Politics of Cultural Continuity in the Americas |
||
| 260 |
_bUniversity Press of Colorado _c2017 |
||
| 650 | _aAnthropology | ||
| 650 | _aCultural landscapes -- America -- Case studies; Cultural property -- Protection -- America -- Case studies; Cultural property -- America -- Management -- Case studies; Historic sites -- Conservation and restoration -- America -- Case studies; Historic sit | ||
| 856 | _uhttp://jstor.org/stable/j.ctt1mmfthq | ||
| 999 |
_c353102 _d353102 |
||